LEADER 01452nam0-22004451i-450- 001 990005550740203316 005 20081031120000.0 035 $a000555074 035 $aUSA01000555074 035 $a(ALEPH)000555074USA01 035 $a000555074 100 $a20080626d2008-------|0itac50------ba 101 $aita 102 $aIT 105 $a|||| ||||| 200 1 $a<> nuove strategie di destination marketing$ecome rafforzare la competitività delle regioni turistiche italiane$fa cura di Umberto Martini, Josep Ejarque 210 $aMilano$cAngeli$d2008 215 $a144 p.$ctab.$d23 cm 225 2$aTSM$v4 410 1$12001$aTSM$v4 606 $aMarketing territoriale$2FI 606 $aMarketing turistico$2FI 620 $dMilano 676 $a338.47916588$cTURISMO. MARKETING$v21 702 1$aMARTINI,$bUmberto 702 1$aEJARQUE,$bJosep 712 02$aTrentino School of Management 801 $aIT$bSOL$c20120104 912 $a990005550740203316 950 $aDIP.TO SCIENZE ECONOMICHE - (SA)$dDS 300 338.47916588 MAR$e14702 DISES 951 $aDIP.TO SCIENZE ECONOMICHE - (SA)$bDS2008 1E 20080626 951 $a300 338.47916588 MAR$b14702 DISES 959 $aBK 969 $aDISES 979 $c20121027$lUSA01$h1533 979 $c20121027$lUSA01$h1613 979 $aPATRY$b90$c20121114$lUSA01$h1447 996 $aNuove strategie di destination marketing$91131383 997 $aUNISA NUM $aUSA17741 LEADER 00799nam0-2200277---450 001 990009589610403321 005 20250409110345.0 035 $a000958961 100 $a20120612d2002----km-y0itay50------ba 101 0 $aita 102 $aIT 105 $aa-------001yy 200 1 $aAPE$eAppennino parco d'Europa$f[Ministero dell'ambiente] 210 $aS. l.$cCarsa edizioni$d2002 215 $a16 p.$cill.$d26 cm 300 $aPubblicato in occasione della 2. Conferenza nazionale delle aree nazionali protette 610 0 $aItalia$aParchi 610 0 $aAppennino 712 01$aItalia.$bMinistero dell'ambiente 801 0$aIT$bUNINA$gRICA$2UNIMARC 901 $aLG 912 $a990009589610403321 952 $aMisc.A-0132$bNBG$fILFGE 959 $aILFGE 996 $aAPE$9846084 997 $aUNINA